MARC

LEADER 00000nam0a2200000 4500
001 372062
005 20231102012436.0
035 |a (RuTPU)RU\TPU\retro\29479 
035 |a RU\TPU\book\62383 
090 |a 372062 
100 |a 20221214d1987 k a0rusy5003 ca 
101 0 |a rus 
102 |a UA 
105 |a a z 001zy 
200 1 |a Теория графов и электрические цепи  |f Н. Г. Максимович 
210 |a Львов  |c Вища шк.  |d 1987 
215 |a 212 с.  |c ил. 
320 |a Библиогр.: с. 214 (19 назв.) 
606 1 |a Электрические цепи  |x Графический расчет  |2 stltpush  |3 (RuTPU)RU\TPU\subj\27746  |9 51448 
610 1 |a электрические цепи 
610 1 |a графы 
610 1 |a расчет 
610 1 |a теория 
675 |a 621.3.011.7:51  |z rus 
700 1 |a Максимович  |b Н. Г.  |g Николай Григорьевич 
801 0 |a RU  |b RuMRKP  |c 19950417  |g psbo 
801 1 |a RU  |b 63413507  |c 20031216  |g PSBO 
801 2 |a RU  |b 63413507  |c 20221214  |g PSBO 
942 |c BK